[Event "IND-chB (Women) 38th"]
[Site "Chennai"]
[Date "2011.07.05"]
[Round "5"]
[White "Ardra, VH."]
[Black "Mahalakshmi, Muganda Kumar"]
[Result "0-1"]
[WhiteElo "1787"]
[BlackElo "1901"]
[PlyCount "168"]
[EventDate "2011.07.02"]
[EventType "swiss"]
[EventRounds "11"]
[EventCountry "IND"]
[SourceTitle "CBM 143 Extra"]
[Source "ChessBase"]
[SourceDate "2011.08.29"]
[SourceVersion "1"]
[SourceVersionDate "2011.08.29"]
[SourceQuality "1"]

1. e4 c6 2. d4 d5 3. Nc3 dxe4 4. Nxe4 Bf5 5. Ng3 Bg6 6. Nf3 Nd7 7. h4 h6 8. h5 Bh7 9. Bd3 Bxd3 10. Qxd3 Ngf6 11. Bf4 Qa5+ 12. Bd2 Qc7 13. 0-0-0 e6 14. Kb1 0-0-0 15. Ne4 Nxe4 16. Qxe4 Nf6 17. Qe2 Kb8 18. c4 c5 19. Bc3 Bd6 20. g3 Ka8 21. b3 cxd4 22. Nxd4 a6 23. Qf3 Rhe8 24. Rhe1 Re7 25. Nc2 Ne8 26. Qg4 Red7 27. Ne3 Be5 28. Bxe5 Qxe5 29. Nd5 Qd6 30. Nc3 Qc5 31. Rxd7 Rxd7 32. Qe2 Nf6 33. Na4 Qc6 34. Qe3 Rd8 35. Nb6+ Kb8 36. Na4 Qd6 37. Qe2 Qd3+ 38. Qxd3 Rxd3 39. Nb2 Rd2 40. Rf1 Nxh5 41. c5 Nf6 42. f3 Nd5 43. Kc1 Rg2 44. g4 Nb4 45. Kb1 Nd5 46. Kc1 Nc3 47. a3 Nb5 48. Nc4 Nd4 49. Nd2 Nb5 50. a4 Nd4 51. b4 Nc6 52. b5 axb5 53. axb5 Nb4 54. Ne4 Nd3+ 55. Kd1 Rb2 56. b6 Rb5 57. Nd6 Rxc5 58. Nxf7 Ne5 59. Nxe5 Rxe5 60. Kc2 Rc5+ 61. Kd3 Rb5 62. Ke4 Rxb6 63. Ke5 Rc6 64. Ra1 b5 65. Rb1 Rb6 66. f4 b4 67. Rb3 Kc7 68. Ke4 Kd6 69. Kd4 Ke7 70. Ke3 Kf6 71. Ke4 g5 72. fxg5+ Kxg5 73. Kf3 e5 74. Ke4 Kxg4 75. Kxe5 h5 76. Ke4 h4 77. Ke3 Kf5 78. Kf3 Ke5 79. Kg4 Kd4 80. Kxh4 Kc4 81. Rf3 b3 82. Rf4+ Kc3 83. Rf3+ Kb4 84. Rf4+ Ka3 0-1